[Event "Eliminacje Strefowe do MPJ WP+ZP - D-13"]
[Site "Skorzecin"]
[Date "2018.09.27"]
[Round "6.4"]
[White "Pietrykowska, Agata"]
[Black "Zalog, Aleksandra"]
[Result "0-1"]
[BlackElo "1121"]
[WhiteElo "1182"]
[LiveChessVersion "1.4.8"]

1. Nf3 {[%clk 1:30:57]} d5 {[%clk 1:30:25]} 2. d4 {[%clk 1:31:20]} Bf5
{[%clk 1:30:19]} 3. g3 {[%clk 1:30:39]} e6 {[%clk 1:23:53]} 4. Bg2
{[%clk 1:29:17]} h6 {[%clk 1:22:41]} 5. O-O {[%clk 1:28:31]} Nf6 {[%clk 1:22:44]}
6. e3 {[%clk 1:24:18]} Nbd7 {[%clk 1:14:54]} 7. Nbd2 {[%clk 1:20:40]} c6
{[%clk 1:14:36]} 8. b3 {[%clk 1:13:06]} Bb4 {[%clk 1:09:10]} 9. Bb2
{[%clk 1:01:37]} Bxd2 {[%clk 1:06:33]} 10. Nxd2 {[%clk 1:01:43]} O-O
{[%clk 1:05:31]} 11. c4 {[%clk 0:58:32]} Re8 {[%clk 0:59:58]} 12. cxd5
{[%clk 0:52:48]} exd5 {[%clk 0:58:55]} 13. Re1 {[%clk 0:48:01]} Re6
{[%clk 0:43:38]} 14. b4 {[%clk 0:38:45]} a6 {[%clk 0:26:14]} 15. a4
{[%clk 0:32:02]} Qe8 {[%clk 0:12:30]} 16. h3 {[%clk 0:27:26]} Qb8
{[%clk 0:09:16]} 17. a5 {[%clk 0:17:58]} Qc7 {[%clk 0:05:16]} 18. Qe2
{[%clk 0:12:05]} Rae8 {[%clk 0:05:12]} 19. Rec1 {[%clk 0:11:09]} Qb8
{[%clk 0:05:24]} 20. Nb3 {[%clk 0:09:13]} Ne4 {[%clk 0:05:07]} 21. Nc5
{[%clk 0:07:46]} Ndxc5 {[%clk 0:05:04]} 22. bxc5 {[%clk 0:07:41]} Rf6
{[%clk 0:04:31]} 23. g4 {[%clk 0:05:48]} Bh7 {[%clk 0:04:18]} 24. Bxe4
{[%clk 0:06:02]} Bxe4 {[%clk 0:04:37]} 25. Rf1 {[%clk 0:05:09]} Rf3
{[%clk 0:05:00]} 26. Bc1 0-1

[Event "Eliminacje Strefowe do MPJ WP+ZP - D-13"]
[Site "Skorzecin"]
[Date "2018.09.28"]
[Round "7.1"]
[White "Franek, Diana"]
[Black "Pietrykowska, Agata"]
[Result "1-0"]
[BlackElo "1182"]
[WhiteElo "1247"]
[LiveChessVersion "1.4.8"]

1. e4 {[%clk 1:30:59]} e5 {[%clk 1:30:54]} 2. Nf3 {[%clk 1:31:25]} Nc6
{[%clk 1:31:18]} 3. Bc4 {[%clk 1:31:51]} Bc5 {[%clk 1:31:37]} 4. Nc3
{[%clk 1:31:51]} Nf6 {[%clk 1:31:46]} 5. O-O {[%clk 1:31:47]} O-O
{[%clk 1:31:58]} 6. d3 {[%clk 1:32:07]} h6 {[%clk 1:32:24]} 7. Be3
{[%clk 1:32:32]} Bb6 {[%clk 1:32:47]} 8. d4 {[%clk 1:31:21]} exd4
{[%clk 1:28:47]} 9. Nxd4 {[%clk 1:31:37]} Nxd4 {[%clk 1:26:37]} 10. Bxd4
{[%clk 1:31:59]} Bxd4 {[%clk 1:25:59]} 11. Qxd4 {[%clk 1:32:22]} d6
{[%clk 1:26:25]} 12. Rad1 {[%clk 1:27:41]} Bg4 {[%clk 1:16:31]} 13. f3
{[%clk 1:27:19]} Bh5 {[%clk 1:12:47]} 14. Nd5 {[%clk 1:25:28]} Nxd5
{[%clk 1:07:27]} 15. Bxd5 {[%clk 1:24:47]} c5 {[%clk 1:02:34]} 16. Qd2
{[%clk 1:24:23]} Qb6 {[%clk 1:01:51]} 17. c3 {[%clk 1:22:38]} Rad8
{[%clk 1:01:03]} 18. Kh1 {[%clk 1:21:04]} Kh8 {[%clk 1:00:13]} 19. g4
{[%clk 1:19:58]} Bg6 {[%clk 1:00:10]} 20. Qc2 {[%clk 1:18:45]} Qc7
{[%clk 0:55:22]} 21. Qg2 {[%clk 1:17:22]} Qe7 {[%clk 0:53:34]} 22. Qg3
{[%clk 1:16:02]} b6 {[%clk 0:53:10]} 23. Rfe1 {[%clk 1:12:06]} f6
{[%clk 0:51:36]} 24. b3 {[%clk 1:08:15]} Bf7 {[%clk 0:48:52]} 25. Kg2
{[%clk 1:05:57]} Bxd5 {[%clk 0:48:13]} 26. Rxd5 {[%clk 1:06:07]} Rd7
{[%clk 0:47:48]} 27. Red1 {[%clk 1:05:35]} Rfd8 {[%clk 0:47:59]} 28. h4
{[%clk 1:03:52]} Kg8 {[%clk 0:46:35]} 29. g5 {[%clk 1:02:16]} hxg5
{[%clk 0:43:07]} 30. hxg5 {[%clk 1:02:17]} fxg5 {[%clk 0:42:37]} 31. Qxg5
{[%clk 1:02:35]} Qxg5+ {[%clk 0:42:44]} 32. Rxg5 {[%clk 1:02:57]} Kf7
{[%clk 0:41:52]} 33. Rdd5 {[%clk 1:01:17]} g6 {[%clk 0:40:36]} 34. Rg3
{[%clk 1:00:56]} Re8 {[%clk 0:39:44]} 35. Rdg5 {[%clk 1:00:03]} Rg8
{[%clk 0:37:33]} 36. Rh3 {[%clk 0:59:09]} Kf6 {[%clk 0:36:04]} 37. Rd5
{[%clk 0:58:51]} Ke6 {[%clk 0:32:46]} 38. Kf2 {[%clk 0:57:05]} Kf6
{[%clk 0:29:33]} 39. Ke3 {[%clk 0:56:29]} g5 {[%clk 0:28:46]} 40. Rh6+
{[%clk 0:55:59]} Ke7 {[%clk 0:26:43]} 41. e5 {[%clk 0:40:58]} dxe5
{[%clk 0:26:01]} 42. Rh7+ {[%clk 0:41:02]} Ke8 1-0

[Event "Eliminacje Strefowe do MPJ WP+ZP - D-13"]
[Site "Skorzecin"]
[Date "2018.09.28"]
[Round "7.2"]
[White "Barwinska, Ewa"]
[Black "Nowak, Roksana"]
[Result "1-0"]
[BlackElo "1337"]
[WhiteElo "1532"]
[LiveChessVersion "1.4.8"]

1. e4 {[%clk 1:30:52]} a6 {[%clk 1:30:54]} 2. d4 {[%clk 1:31:03]} b5
{[%clk 1:31:19]} 3. Nf3 {[%clk 1:30:45]} Bb7 {[%clk 1:31:42]} 4. Bd3
{[%clk 1:30:53]} Nf6 {[%clk 1:31:39]} 5. e5 {[%clk 1:27:00]} Nd5 {[%clk 1:31:27]}
6. c3 {[%clk 1:27:13]} e6 {[%clk 1:30:46]} 7. O-O {[%clk 1:25:00]} c5
{[%clk 1:29:33]} 8. Be3 {[%clk 1:21:41]} Nc6 {[%clk 1:22:32]} 9. Qe2
{[%clk 1:18:41]} cxd4 {[%clk 1:20:11]} 10. cxd4 {[%clk 1:16:43]} Nxe3
{[%clk 1:16:31]} 11. Qxe3 {[%clk 1:15:51]} Be7 {[%clk 1:10:25]} 12. Nbd2
{[%clk 1:13:21]} Nb4 {[%clk 1:07:37]} 13. Be4 {[%clk 1:10:57]} Bxe4
{[%clk 1:07:40]} 14. Qxe4 {[%clk 1:11:11]} O-O {[%clk 1:04:00]} 15. a3
{[%clk 1:07:01]} Nd5 {[%clk 1:03:59]} 16. Rac1 {[%clk 1:00:27]} f5
{[%clk 0:56:31]} 17. Qc2 {[%clk 0:46:26]} Qe8 {[%clk 0:55:21]} 18. Nb3
{[%clk 0:42:33]} Qg6 {[%clk 0:53:09]} 19. Qd2 {[%clk 0:41:27]} f4
{[%clk 0:51:56]} 20. Nc5 {[%clk 0:36:25]} Ra7 {[%clk 0:49:11]} 21. Qd3
{[%clk 0:33:59]} Qxd3 {[%clk 0:42:49]} 22. Nxd3 {[%clk 0:34:21]} Rc7
{[%clk 0:40:55]} 23. Rxc7 {[%clk 0:32:36]} Nxc7 {[%clk 0:40:49]} 24. Rc1
{[%clk 0:31:35]} Nd5 {[%clk 0:40:05]} 25. Nd2 {[%clk 0:30:01]} a5
{[%clk 0:37:18]} 26. Ne4 {[%clk 0:27:30]} Rd8 {[%clk 0:28:55]} 27. Nec5
{[%clk 0:23:09]} Bxc5 {[%clk 0:29:03]} 28. Rxc5 {[%clk 0:21:40]} Rb8
{[%clk 0:26:52]} 29. h4 {[%clk 0:20:24]} Kf7 {[%clk 0:26:10]} 30. a4
{[%clk 0:18:22]} bxa4 {[%clk 0:25:42]} 31. Rxa5 {[%clk 0:18:41]} Rb3
{[%clk 0:25:20]} 32. Nc5 {[%clk 0:18:54]} Rxb2 {[%clk 0:24:39]} 33. Rxa4
{[%clk 0:19:11]} Ke7 {[%clk 0:20:07]} 34. Ra7 {[%clk 0:19:17]} Nb6
{[%clk 0:20:02]} 35. Rb7 {[%clk 0:19:23]} Kd8 {[%clk 0:19:25]} 36. Nxd7
{[%clk 0:16:39]} Kc8 {[%clk 0:18:30]} 37. Rxb6 {[%clk 0:16:59]} Rxb6
{[%clk 0:18:38]} 38. Nxb6+ {[%clk 0:17:24]} Kc7 {[%clk 0:18:56]} 39. Nc4
{[%clk 0:17:38]} Kc6 {[%clk 0:18:57]} 40. Nd2 {[%clk 0:17:34]} Kd5
{[%clk 0:19:23]} 41. Nf3 {[%clk 0:18:00]} h6 {[%clk 0:19:25]} 42. g3
{[%clk 0:17:48]} Ke4 {[%clk 0:19:19]} 43. Kg2 {[%clk 0:18:13]} fxg3
{[%clk 0:19:34]} 44. Kxg3 {[%clk 0:18:08]} g6 {[%clk 0:19:58]} 45. Kg4
{[%clk 0:16:23]} h5+ {[%clk 0:20:17]} 46. Kg5 {[%clk 0:15:23]} Kxf3
{[%clk 0:20:40]} 47. Kxg6 {[%clk 0:15:49]} Kg4 {[%clk 0:21:01]} 48. d5 1-0

[Event "Eliminacje Strefowe do MPJ WP+ZP - D-13"]
[Site "Skorzecin"]
[Date "2018.09.28"]
[Round "7.3"]
[White "Rozumek, Paulina"]
[Black "Miranowska, Anna"]
[Result "0-1"]
[BlackElo "1339"]
[WhiteElo "1023"]
[LiveChessVersion "1.4.8"]

1. Nf3 {[%clk 1:30:58]} d5 {[%clk 1:30:40]} 2. b3 {[%clk 1:31:19]} Nf6
{[%clk 1:31:02]} 3. Bb2 {[%clk 1:31:38]} c5 {[%clk 1:31:08]} 4. e3
{[%clk 1:31:34]} a6 {[%clk 1:31:29]} 5. g3 {[%clk 1:31:15]} Bg4 {[%clk 1:28:55]}
6. Bg2 {[%clk 1:31:13]} e6 {[%clk 1:28:10]} 7. d3 {[%clk 1:30:17]} Nc6
{[%clk 1:27:31]} 8. Nbd2 {[%clk 1:29:05]} Be7 {[%clk 1:25:31]} 9. O-O
{[%clk 1:29:16]} O-O {[%clk 1:25:46]} 10. Qe1 {[%clk 1:25:37]} Qc7
{[%clk 1:21:13]} 11. h3 {[%clk 1:24:12]} Bh5 {[%clk 1:20:24]} 12. c4
{[%clk 1:17:48]} Nb4 {[%clk 1:11:01]} 13. Qb1 {[%clk 1:15:32]} Bg6
{[%clk 1:09:11]} 14. Ne5 {[%clk 1:13:33]} dxc4 {[%clk 1:07:05]} 15. bxc4
{[%clk 1:12:05]} Rfd8 {[%clk 1:01:25]} 16. e4 {[%clk 1:10:41]} Nd7
{[%clk 0:50:57]} 17. Nxg6 {[%clk 1:10:01]} hxg6 {[%clk 0:50:51]} 18. a3
{[%clk 1:08:09]} Nc6 {[%clk 0:51:06]} 19. Re1 {[%clk 1:07:07]} Nde5
{[%clk 0:44:19]} 20. Re3 {[%clk 1:04:07]} Nd4 {[%clk 0:39:36]} 21. Qc1
{[%clk 1:02:23]} Nxd3 {[%clk 0:32:23]} 22. Qc3 {[%clk 1:01:35]} Nxb2
{[%clk 0:31:58]} 23. Qxb2 {[%clk 1:01:54]} Bf6 {[%clk 0:28:10]} 24. Qb1
{[%clk 0:58:13]} Nc2 {[%clk 0:19:44]} 25. Qxc2 {[%clk 0:56:14]} Bxa1
{[%clk 0:20:07]} 26. Nf3 {[%clk 0:54:58]} Bd4 {[%clk 0:17:16]} 27. Re2
{[%clk 0:53:02]} Rd7 {[%clk 0:16:08]} 28. h4 {[%clk 0:48:30]} Rad8
{[%clk 0:15:42]} 29. Kh2 {[%clk 0:47:14]} Qa5 {[%clk 0:11:06]} 30. a4
{[%clk 0:45:16]} b5 {[%clk 0:08:45]} 31. cxb5 {[%clk 0:44:39]} axb5
{[%clk 0:09:06]} 32. axb5 {[%clk 0:45:00]} Qxb5 {[%clk 0:09:32]} 33. Qa2
{[%clk 0:44:26]} c4 {[%clk 0:07:23]} 34. Nxd4 {[%clk 0:43:09]} Rxd4
{[%clk 0:07:39]} 35. e5 {[%clk 0:41:35]} c3 {[%clk 0:07:07]} 36. Re1
{[%clk 0:41:33]} Qb2 {[%clk 0:06:00]} 37. Qa6 {[%clk 0:40:44]} Qxf2
{[%clk 0:05:45]} 38. Rf1 {[%clk 0:40:47]} Qb2 {[%clk 0:05:16]} 39. Qa7
{[%clk 0:40:51]} R4d7 {[%clk 0:05:30]} 40. Qe3 {[%clk 0:39:49]} Rd1
{[%clk 0:03:58]} 41. Rf2 {[%clk 0:39:10]} R1d2 {[%clk 0:04:17]} 42. Rxd2
{[%clk 0:38:47]} Rxd2 {[%clk 0:04:24]} 43. Qg1 {[%clk 0:39:06]} Rxg2+
{[%clk 0:04:43]} 44. Qxg2 {[%clk 0:39:26]} Qxg2+ {[%clk 0:05:10]} 45. Kxg2
{[%clk 0:39:39]} c2 {[%clk 0:05:36]} 46. Kh3 {[%clk 0:39:37]} c1=Q
{[%clk 0:05:53]} 47. Kg2 {[%clk 0:39:44]} Qb2+ {[%clk 0:06:17]} 48. Kh3
{[%clk 0:40:01]} Qxe5 {[%clk 0:06:41]} 49. Kg2 {[%clk 0:40:16]} Qf5
{[%clk 0:07:00]} 50. Kh2 {[%clk 0:40:27]} e5 {[%clk 0:07:24]} 51. Kg2
{[%clk 0:40:43]} e4 {[%clk 0:07:51]} 52. Kh2 {[%clk 0:40:59]} e3 {[%clk 0:08:11]}
53. Kg2 {[%clk 0:41:24]} e2 {[%clk 0:08:24]} 54. Kh2 {[%clk 0:41:43]} Qg4
{[%clk 0:08:39]} 55. Kg2 {[%clk 0:42:03]} e1=Q {[%clk 0:08:57]} 56. Kh2
{[%clk 0:42:16]} Qgxg3# {[%clk 0:09:22]} 0-1

[Event "Eliminacje Strefowe do MPJ WP+ZP - D-13"]
[Site "Skorzecin"]
[Date "2018.09.29"]
[Round "8.1"]
[White "Miranowska, Anna"]
[Black "Cieslak, Emilia"]
[Result "1-0"]
[BlackElo "1137"]
[WhiteElo "1339"]
[LiveChessVersion "1.4.8"]

1. d4 {[%clk 1:30:59]} d5 {[%clk 1:30:53]} 2. Nf3 {[%clk 1:31:08]} e6
{[%clk 1:31:14]} 3. c4 {[%clk 1:31:34]} Nf6 {[%clk 1:31:36]} 4. Nc3
{[%clk 1:31:54]} c5 {[%clk 1:31:35]} 5. cxd5 {[%clk 1:32:18]} Nxd5
{[%clk 1:31:57]} 6. e4 {[%clk 1:32:41]} Nxc3 {[%clk 1:31:57]} 7. bxc3
{[%clk 1:33:06]} cxd4 {[%clk 1:32:16]} 8. cxd4 {[%clk 1:33:30]} Bb4+
{[%clk 1:32:22]} 9. Bd2 {[%clk 1:33:55]} Bxd2+ {[%clk 1:32:40]} 10. Qxd2
{[%clk 1:34:09]} O-O {[%clk 1:32:43]} 11. Bc4 {[%clk 1:34:10]} Nd7
{[%clk 1:33:01]} 12. O-O {[%clk 1:34:25]} b6 {[%clk 1:33:23]} 13. d5
{[%clk 1:33:59]} exd5 {[%clk 1:29:51]} 14. Bxd5 {[%clk 1:34:01]} Rb8
{[%clk 1:29:39]} 15. Rad1 {[%clk 1:32:37]} Ba6 {[%clk 1:26:33]} 16. Rfe1
{[%clk 1:32:22]} Nf6 {[%clk 1:26:18]} 17. Qc3 {[%clk 1:05:50]} Qc8
{[%clk 1:20:58]} 18. Qb3 {[%clk 1:01:50]} Nxd5 {[%clk 1:19:00]} 19. exd5
{[%clk 1:00:17]} Bc4 {[%clk 1:08:25]} 20. Qa4 {[%clk 0:59:53]} Qa6
{[%clk 1:07:51]} 21. Qxa6 {[%clk 0:59:41]} Bxa6 {[%clk 1:08:13]} 22. Ne5
{[%clk 0:50:57]} Rbd8 {[%clk 0:59:43]} 23. Nc6 {[%clk 0:50:45]} Rd6
{[%clk 0:54:25]} 24. a3 {[%clk 0:35:07]} Bc4 {[%clk 0:53:49]} 25. Rd4
{[%clk 0:32:31]} Bxd5 {[%clk 0:53:00]} 26. Ne7+ {[%clk 0:32:29]} Kh8
{[%clk 0:53:13]} 27. Rxd5 {[%clk 0:32:31]} Rxd5 {[%clk 0:51:36]} 28. Nxd5
{[%clk 0:32:56]} Rd8 {[%clk 0:48:13]} 29. Nc7 {[%clk 0:33:03]} a5
{[%clk 0:48:02]} 30. Re8+ {[%clk 0:33:29]} Rxe8 {[%clk 0:48:27]} 31. Nxe8
{[%clk 0:33:53]} b5 {[%clk 0:48:49]} 32. Nd6 {[%clk 0:34:10]} b4 {[%clk 0:48:06]}
33. axb4 {[%clk 0:34:27]} axb4 {[%clk 0:48:22]} 34. Kf1 {[%clk 0:34:01]} Kg8
{[%clk 0:48:30]} 35. Ke2 {[%clk 0:34:28]} Kf8 {[%clk 0:48:52]} 36. Kd3
{[%clk 0:34:49]} Ke7 {[%clk 0:49:15]} 37. Ne4 {[%clk 0:34:39]} b3
{[%clk 0:48:08]} 38. Kc3 {[%clk 0:35:02]} f5 {[%clk 0:48:16]} 39. Ng3
{[%clk 0:35:23]} Kf6 {[%clk 0:48:38]} 40. Kxb3 {[%clk 0:35:44]} Kg5
{[%clk 0:48:19]} 41. Kc3 {[%clk 0:35:19]} f4 {[%clk 0:48:29]} 42. Ne2
{[%clk 0:35:44]} Kf5 {[%clk 0:47:36]} 43. Kd3 {[%clk 0:34:32]} g5
{[%clk 0:47:44]} 44. f3 {[%clk 0:34:03]} h5 {[%clk 0:48:00]} 45. h3
{[%clk 0:33:57]} h4 {[%clk 0:46:04]} 46. Kd4 {[%clk 0:34:18]} Kf6
{[%clk 0:45:32]} 47. Ke4 {[%clk 0:34:20]} Ke6 {[%clk 0:45:33]} 48. Nxf4+
{[%clk 0:34:46]} gxf4 {[%clk 0:45:55]} 49. Kxf4 {[%clk 0:35:10]} Kf6
{[%clk 0:46:17]} 50. Kg4 {[%clk 0:35:30]} Kg6 {[%clk 0:46:41]} 51. Kxh4 1-0

[Event "Eliminacje Strefowe do MPJ WP+ZP - D-13"]
[Site "Skorzecin"]
[Date "2018.09.29"]
[Round "8.2"]
[White "Nowak, Roksana"]
[Black "Rozumek, Paulina"]
[Result "1-0"]
[BlackElo "1023"]
[WhiteElo "1337"]
[LiveChessVersion "1.4.8"]

1. e4 {[%clk 1:30:59]} c6 {[%clk 1:30:45]} 2. d4 {[%clk 1:31:23]} d5
{[%clk 1:31:07]} 3. e5 {[%clk 1:31:49]} Bf5 {[%clk 1:31:18]} 4. Nc3
{[%clk 1:32:12]} e6 {[%clk 1:31:37]} 5. g4 {[%clk 1:32:37]} Bg6 {[%clk 1:31:33]}
6. Nge2 {[%clk 1:32:58]} h6 {[%clk 1:31:18]} 7. Nf4 {[%clk 1:32:53]} Bh7
{[%clk 1:31:22]} 8. Be3 {[%clk 1:32:33]} Nd7 {[%clk 1:31:10]} 9. a3
{[%clk 1:31:21]} c5 {[%clk 1:28:57]} 10. Bb5 {[%clk 1:31:11]} cxd4
{[%clk 1:23:40]} 11. Bxd4 {[%clk 1:30:59]} Be7 {[%clk 1:21:09]} 12. Nd3
{[%clk 1:23:08]} Bh4 {[%clk 1:17:54]} 13. Nc5 {[%clk 1:22:28]} Ne7
{[%clk 1:11:53]} 14. Nxd7 {[%clk 1:20:50]} Nc6 {[%clk 1:10:52]} 15. Bxc6
{[%clk 1:20:03]} bxc6 {[%clk 1:10:56]} 16. Nc5 {[%clk 1:20:25]} O-O
{[%clk 1:09:10]} 17. Nd3 {[%clk 1:11:45]} Re8 {[%clk 1:02:44]} 18. Nf4
{[%clk 1:06:27]} Qg5 {[%clk 0:56:39]} 19. Ng2 {[%clk 1:04:15]} Be4
{[%clk 0:54:47]} 20. Nxe4 {[%clk 1:04:14]} dxe4 {[%clk 0:54:52]} 21. Nxh4
{[%clk 1:04:26]} Qxh4 {[%clk 0:55:03]} 22. Qe2 {[%clk 1:04:24]} Red8
{[%clk 0:52:44]} 23. O-O-O {[%clk 0:58:26]} Qg5+ {[%clk 0:49:41]} 24. Kb1
{[%clk 0:58:46]} Rdb8 {[%clk 0:48:58]} 25. Qxe4 {[%clk 0:57:31]} Rc8
{[%clk 0:46:53]} 26. Bc5 {[%clk 0:56:41]} Rc7 {[%clk 0:41:37]} 27. h4
{[%clk 0:56:46]} Qg6 {[%clk 0:41:09]} 28. Qxg6 {[%clk 0:57:08]} fxg6
{[%clk 0:41:29]} 29. Rd6 {[%clk 0:57:30]} Re8 {[%clk 0:40:35]} 30. Rhd1
{[%clk 0:57:55]} Rcc8 {[%clk 0:40:10]} 31. Rd7 {[%clk 0:58:07]} Kh8
{[%clk 0:40:00]} 32. Rxa7 {[%clk 0:58:18]} Rg8 {[%clk 0:40:17]} 33. Re7
{[%clk 0:58:32]} Rge8 {[%clk 0:39:06]} 34. Rxe8+ {[%clk 0:58:55]} Rxe8
{[%clk 0:39:24]} 35. Rd6 {[%clk 0:59:23]} Kh7 {[%clk 0:39:09]} 36. Rxc6
{[%clk 0:59:48]} h5 {[%clk 0:38:17]} 37. g5 {[%clk 1:00:12]} Kh8 {[%clk 0:38:25]}
38. b4 {[%clk 1:00:22]} Kh7 {[%clk 0:38:44]} 39. b5 {[%clk 1:00:47]} Kg8
{[%clk 0:38:53]} 40. b6 {[%clk 1:01:11]} Kh8 {[%clk 0:38:41]} 41. b7
{[%clk 1:01:33]} Kh7 {[%clk 0:38:49]} 42. Rc8 {[%clk 1:01:56]} Rxc8
{[%clk 0:38:52]} 43. bxc8=B {[%clk 1:02:18]} Kh8 {[%clk 0:38:57]} 44. Bxe6
{[%clk 1:02:43]} Kh7 {[%clk 0:39:02]} 45. Bf7 {[%clk 1:03:06]} Kh8
{[%clk 0:39:11]} 46. e6 {[%clk 1:03:30]} Kh7 {[%clk 0:39:17]} 47. e7
{[%clk 1:03:57]} Kh8 {[%clk 0:39:32]} 48. e8=Q+ {[%clk 1:04:23]} Kh7
{[%clk 0:39:46]} 49. Qg8# {[%clk 1:04:51]} 1-0

[Event "Eliminacje Strefowe do MPJ WP+ZP - D-13"]
[Site "Skorzecin"]
[Date "2018.09.29"]
[Round "8.3"]
[White "Pietrykowska, Agata"]
[Black "Barwinska, Ewa"]
[Result "0-1"]
[BlackElo "1532"]
[WhiteElo "1182"]
[LiveChessVersion "1.4.8"]

1. Nf3 {[%clk 1:30:58]} c5 {[%clk 1:30:47]} 2. c4 {[%clk 1:31:21]} Nc6
{[%clk 1:31:08]} 3. d3 {[%clk 1:30:17]} Nf6 {[%clk 1:31:20]} 4. Nc3
{[%clk 1:30:41]} d5 {[%clk 1:30:31]} 5. cxd5 {[%clk 1:29:49]} Nxd5
{[%clk 1:30:49]} 6. g3 {[%clk 1:27:44]} g6 {[%clk 1:29:00]} 7. Bg2
{[%clk 1:25:57]} Bg7 {[%clk 1:25:45]} 8. Bd2 {[%clk 1:23:40]} O-O
{[%clk 1:21:53]} 9. O-O {[%clk 1:23:55]} Nxc3 {[%clk 1:21:16]} 10. Bxc3
{[%clk 1:21:42]} Nd4 {[%clk 1:18:58]} 11. Bxd4 {[%clk 1:17:25]} cxd4
{[%clk 1:19:10]} 12. Rc1 {[%clk 1:15:55]} Qb6 {[%clk 1:17:42]} 13. b3
{[%clk 1:14:13]} Bd7 {[%clk 1:15:51]} 14. Qd2 {[%clk 1:13:20]} Rac8
{[%clk 1:14:36]} 15. Qf4 {[%clk 1:06:35]} Bc6 {[%clk 1:10:20]} 16. Ne5
{[%clk 1:04:17]} Bxg2 {[%clk 0:59:06]} 17. Kxg2 {[%clk 1:04:40]} Qd6
{[%clk 0:55:21]} 18. Nc4 {[%clk 1:02:30]} Qd5+ {[%clk 0:52:46]} 19. Kg1
{[%clk 1:01:46]} b5 {[%clk 0:50:55]} 20. Nb2 {[%clk 1:01:44]} Rc3
{[%clk 0:46:54]} 21. Qd2 {[%clk 1:00:00]} Rfc8 {[%clk 0:45:45]} 22. Rfd1
{[%clk 0:58:16]} Qc6 {[%clk 0:44:52]} 23. Rb1 {[%clk 0:57:02]} Rc2
{[%clk 0:43:23]} 24. Qe1 {[%clk 0:55:15]} Qc3 {[%clk 0:43:10]} 25. Qxc3
{[%clk 0:52:20]} dxc3 {[%clk 0:43:25]} 26. Rdc1 {[%clk 0:49:25]} cxb2
{[%clk 0:43:42]} 27. Rxc2 {[%clk 0:49:47]} Rxc2 {[%clk 0:44:06]} 28. Kg2
{[%clk 0:50:14]} Rc1 {[%clk 0:44:28]} 0-1

[Event "Eliminacje Strefowe do MPJ WP+ZP - D-13"]
[Site "Skorzecin"]
[Date "2018.09.29"]
[Round "8.4"]
[White "Zalog, Aleksandra"]
[Black "Franek, Diana"]
[Result "0-1"]
[BlackElo "1247"]
[WhiteElo "1121"]
[LiveChessVersion "1.4.8"]

1. d4 {[%clk 1:30:59]} d5 {[%clk 1:30:55]} 2. Bf4 {[%clk 1:31:20]} Nf6
{[%clk 1:31:05]} 3. e3 {[%clk 1:31:30]} e6 {[%clk 1:31:17]} 4. Nf3
{[%clk 1:29:50]} c5 {[%clk 1:30:50]} 5. c3 {[%clk 1:27:37]} Nc6 {[%clk 1:30:07]}
6. Nbd2 {[%clk 1:27:20]} h6 {[%clk 1:28:40]} 7. Bd3 {[%clk 1:23:49]} c4
{[%clk 1:27:55]} 8. Bc2 {[%clk 1:24:11]} Bd6 {[%clk 1:28:00]} 9. Bxd6
{[%clk 1:15:01]} Qxd6 {[%clk 1:28:22]} 10. h3 {[%clk 1:14:49]} O-O
{[%clk 1:28:14]} 11. O-O {[%clk 1:13:50]} Bd7 {[%clk 1:27:30]} 12. Re1
{[%clk 1:13:29]} Rfe8 {[%clk 1:26:48]} 13. e4 {[%clk 1:11:46]} Qc7
{[%clk 1:26:35]} 14. e5 {[%clk 1:11:21]} Nh7 {[%clk 1:26:38]} 15. Qb1
{[%clk 1:10:50]} Nf8 {[%clk 1:26:17]} 16. Qc1 {[%clk 1:06:11]} b5
{[%clk 1:25:05]} 17. a3 {[%clk 1:06:17]} a5 {[%clk 1:24:36]} 18. Re3
{[%clk 1:05:38]} b4 {[%clk 1:23:52]} 19. Nh2 {[%clk 0:55:22]} b3 {[%clk 1:22:13]}
20. Bd1 {[%clk 0:55:43]} Ne7 {[%clk 1:22:10]} 21. Rg3 {[%clk 0:55:13]} Nf5
{[%clk 1:20:59]} 22. Rg4 {[%clk 0:49:35]} Ng6 {[%clk 1:19:14]} 23. Ndf3
{[%clk 0:48:21]} Qd8 {[%clk 1:18:33]} 24. Be2 {[%clk 0:39:33]} Kh7
{[%clk 1:16:13]} 25. g3 {[%clk 0:21:40]} f6 {[%clk 1:11:54]} 26. h4
{[%clk 0:19:52]} h5 {[%clk 1:10:15]} 27. Rxg6 {[%clk 0:19:20]} Kxg6
{[%clk 1:10:03]} 28. Qf4 {[%clk 0:18:15]} Kf7 {[%clk 1:02:14]} 29. Re1
{[%clk 0:09:46]} Rg8 {[%clk 1:01:55]} 30. Nf1 {[%clk 0:08:11]} g5
{[%clk 1:00:54]} 31. hxg5 {[%clk 0:07:21]} fxg5 {[%clk 1:01:10]} 32. Qd2
{[%clk 0:07:13]} g4 {[%clk 1:00:46]} 33. N3h2 {[%clk 0:07:07]} Qg5
{[%clk 1:00:56]} 34. Qxg5 {[%clk 0:06:34]} Rxg5 {[%clk 1:01:17]} 35. Kg2
{[%clk 0:06:51]} Rag8 {[%clk 1:01:10]} 36. Ne3 {[%clk 0:06:56]} Nxe3+
{[%clk 1:00:35]} 37. fxe3 {[%clk 0:07:21]} Rf5 {[%clk 1:00:50]} 38. Bd1
{[%clk 0:06:34]} Ke7 {[%clk 1:01:03]} 39. e4 {[%clk 0:06:59]} Rf7
{[%clk 1:00:51]} 40. exd5 {[%clk 0:07:10]} exd5 {[%clk 1:01:04]} 41. Re2
{[%clk 0:06:45]} Rgf8 {[%clk 1:01:10]} 42. Rd2 {[%clk 0:06:48]} Bf5
{[%clk 1:00:44]} 43. Nf1 {[%clk 0:06:45]} Be4+ {[%clk 1:00:57]} 44. Kh2
{[%clk 0:06:44]} Rxf1 {[%clk 1:01:14]} 0-1

[Event "Eliminacje Strefowe do MPJ WP+ZP - D-13"]
[Site "Skorzecin"]
[Date "2018.09.30"]
[Round "9.1"]
[White "Barwinska, Ewa"]
[Black "Zalog, Aleksandra"]
[Result "1-0"]
[BlackElo "1121"]
[WhiteElo "1532"]
[LiveChessVersion "1.4.8"]

1. e4 {[%clk 1:30:58]} c5 {[%clk 1:30:56]} 2. Nf3 {[%clk 1:31:19]} Qc7
{[%clk 1:31:15]} 3. d4 {[%clk 1:29:20]} e6 {[%clk 1:30:04]} 4. c4
{[%clk 1:26:08]} Nf6 {[%clk 1:27:06]} 5. e5 {[%clk 1:24:53]} Ng8 {[%clk 1:23:43]}
6. d5 {[%clk 1:21:50]} d6 {[%clk 1:21:18]} 7. Bf4 {[%clk 1:21:24]} dxe5
{[%clk 1:09:59]} 8. Bxe5 {[%clk 1:21:47]} Qd7 {[%clk 1:10:06]} 9. Nc3
{[%clk 1:21:00]} a6 {[%clk 1:10:09]} 10. Na4 {[%clk 1:14:26]} Qd8
{[%clk 1:08:46]} 11. dxe6 {[%clk 1:13:32]} Qxd1+ {[%clk 1:08:55]} 12. Rxd1
{[%clk 1:13:55]} Bxe6 {[%clk 1:04:12]} 13. Nb6 {[%clk 1:14:08]} Nc6
{[%clk 1:03:40]} 14. Nxa8 {[%clk 1:14:20]} Nxe5 {[%clk 1:02:28]} 15. Nc7+
{[%clk 1:14:42]} Ke7 {[%clk 1:02:31]} 16. Nxe5 {[%clk 1:14:56]} Nf6
{[%clk 1:02:52]} 17. g3 {[%clk 1:13:15]} g6 {[%clk 1:03:14]} 18. Nxe6
{[%clk 1:13:06]} fxe6 {[%clk 1:03:28]} 19. Bg2 {[%clk 1:13:09]} Bg7
{[%clk 1:02:39]} 20. f4 {[%clk 1:11:35]} Rb8 {[%clk 0:49:32]} 21. Ke2
{[%clk 1:11:50]} Kf8 {[%clk 0:49:20]} 22. Rd6 {[%clk 1:11:14]} Kg8
{[%clk 0:47:46]} 23. Rhd1 {[%clk 1:11:21]} Bf8 {[%clk 0:39:55]} 24. Rd8
{[%clk 1:11:42]} Rxd8 {[%clk 0:40:14]} 25. Rxd8 {[%clk 1:12:06]} b6
{[%clk 0:40:33]} 26. Nd7 {[%clk 1:12:26]} Nxd7 {[%clk 0:40:48]} 27. Rxd7
{[%clk 1:12:51]} Bg7 {[%clk 0:41:00]} 28. b3 {[%clk 1:13:15]} Bb2
{[%clk 0:40:31]} 29. Rb7 {[%clk 1:13:36]} Ba3 {[%clk 0:40:46]} 30. Rxb6
{[%clk 1:14:00]} a5 {[%clk 0:41:06]} 31. Rxe6 {[%clk 1:14:15]} Kf7
{[%clk 0:41:26]} 32. Ra6 {[%clk 1:14:33]} Bb4 {[%clk 0:41:46]} 33. Ra7+
{[%clk 1:14:58]} Kg8 {[%clk 0:42:07]} 34. Bd5+ {[%clk 1:15:23]} Kf8
{[%clk 0:41:51]} 35. Rxh7 {[%clk 1:15:46]} Bc3 {[%clk 0:42:03]} 36. Rc7
{[%clk 1:16:07]} Bb4 {[%clk 0:42:20]} 37. Rb7 {[%clk 1:16:33]} Bc3
{[%clk 0:42:12]} 38. Be4 {[%clk 1:16:41]} Ke8 {[%clk 0:42:24]} 39. Bxg6+
{[%clk 1:17:06]} Kf8 {[%clk 0:42:44]} 40. h4 {[%clk 1:17:30]} Kg8
{[%clk 0:42:45]} 41. h5 {[%clk 1:17:49]} Bg7 {[%clk 0:43:04]} 42. Rb8+
{[%clk 1:17:53]} Bf8 {[%clk 0:43:26]} 43. h6 {[%clk 1:18:19]} 1-0